[Event "Chinese Teams 2013"]
[Site "Qingdao CHN"]
[Date "2013.10.11"]
[Round "12.5"]
[White "Xiu Deshun"]
[Black "Ni Hua"]
[Result "1/2-1/2"]
[WhiteElo "2566"]
[BlackElo "2671"]

1.d4 d5 2.c4 c6 3.Nc3 Nf6 4.e3 Bf5 5.cxd5 cxd5 6.Qb3 Bc8 7.Nf3 Nc6 8.Bd3 e6
9.O-O Be7 10.Bd2 O-O 11.Rfc1 Bd7 12.Ne5 Nxe5 13.dxe5 Ng4 14.f4 Bc5 15.Nd1 b6
16.h3 Nh6 17.Qc2 Rc8 18.Qb1 a5 19.a3 a4 20.Nf2 Nf5 21.Bxf5 exf5 22.Qd3 Qe8
23.Bc3 Bb5 24.Qd2 Bc4 25.Nd3 Qb5 26.Ne1 Rfd8 27.Nf3 Bd3 28.Nd4 Bxd4 29.Bxd4 Be4
30.Rxc8 Rxc8 31.Rc1  1/2-1/2

[Event "Chinese Teams 2013"]
[Site "Qingdao CHN"]
[Date "2013.10.13"]
[Round "14.4"]
[White "Najer,E"]
[Black "Ni Hua"]
[Result "1/2-1/2"]
[WhiteElo "2626"]
[BlackElo "2671"]

1.e4 e5 2.Nf3 Nc6 3.Bb5 Nf6 4.d3 Bc5 5.c3 O-O 6.O-O Re8 7.Bg5 h6 8.Bh4 a6
9.Ba4 b5 10.Bb3 Be7 11.a4 Rb8 12.axb5 axb5 13.d4 exd4 14.e5 Nh7 15.Bxe7 Qxe7
16.cxd4 d6 17.Qc1 Bb7 18.exd6 Qxd6 19.Rd1 Rbd8 20.Nc3 Qb4 21.Qc2 Nxd4 22.Nxd4 Rxd4
23.Rxd4 Qxd4 24.Qf5 Nf6 25.Qxb5 Qe5 26.Qxe5 Rxe5 27.f3 Ne8 28.Kf2 Kf8 29.Re1 Rxe1
30.Kxe1 Ke7  1/2-1/2

[Event "Chinese Teams 2013"]
[Site "Shijiazhuang CHN"]
[Date "2013.11.11"]
[Round "15.4"]
[White "Ni Hua"]
[Black "Wang Hao"]
[Result "1/2-1/2"]
[WhiteElo "2668"]
[BlackElo "2737"]

1.e4 c5 2.Nf3 Nc6 3.Bb5 e6 4.O-O Nge7 5.Re1 Ng6 6.c3 a6 7.Bf1 Be7 8.d4 cxd4
9.cxd4 d5 10.e5 O-O 11.Nc3 Nh4 12.Nxh4 Bxh4 13.Be3 Bd7 14.Rc1 b5 15.Ne2 f5
16.exf6 Qxf6 17.g3 Bg5 18.Bxg5 Qxg5 19.Qd3 Rac8 20.a3 Qf6 21.Qe3 g5 22.Rc3 Ne7
23.Rxc8 Rxc8 24.Rc1 Rc4 25.Bh3 h6 26.b3 Rxc1+ 27.Qxc1 Nc6 28.Qc5 Kf7 29.Bg4 Qe7
30.Qc2 Kg7 31.Bh5  1/2-1/2

[Event "Chinese Teams 2013"]
[Site "Shijiazhuang CHN"]
[Date "2013.11.12"]
[Round "16.3"]
[White "Nguyen Ngoc Truong Son"]
[Black "Ni Hua"]
[Result "1/2-1/2"]
[WhiteElo "2614"]
[BlackElo "2668"]

1.d4 d5 2.c4 c6 3.cxd5 cxd5 4.Nc3 Nf6 5.Bf4 Nc6 6.e3 Bf5 7.Qb3 Na5 8.Qa4+ Bd7
9.Qc2 e6 10.Bd3 Nh5 11.Be5 f6 12.Bg3 g6 13.Nge2 Rc8 14.e4 Kf7 15.O-O Nxg3
16.Nxg3 dxe4 17.Bxe4 f5 18.Bf3 Bg7 19.Nge2 Qb6 20.Qd3 Rhd8 21.b3 Nc6 22.Rad1 Be8
23.Na4 Qb4 24.a3 Qxa3 25.Qe3 Qe7 26.d5 exd5 27.Bxd5+ Kf8 28.Nf4 Qxe3 29.fxe3 Bf7
30.Nc5 Bxd5 31.Nxd5 Nd4 32.Nc3 Ne2+ 33.Nxe2 Rxd1 34.Rxd1 Rxc5 35.Nf4 Be5
36.Nd3 Bf6 37.Ra1 a5 38.Kf2  1/2-1/2

[Event "Chinese Teams 2013"]
[Site "Tianjin CHN"]
[Date "2013.12.21"]
[Round "19.6"]
[White "Ni Hua"]
[Black "Lu Shanglei"]
[Result "0-1"]
[WhiteElo "2668"]
[BlackElo "2550"]

1.Nf3 g6 2.e4 Bg7 3.d4 d6 4.Nc3 Bg4 5.Be2 Nc6 6.Be3 e5 7.d5 Bxf3 8.Bxf3 Nce7
9.a4 h5 10.a5 a6 11.b4 Bh6 12.Qd2 Bxe3 13.Qxe3 f5 14.exf5 gxf5 15.Qg5 h4
16.Bh5+ Kf8 17.f4 Nxd5 18.Qg6 Rxh5 19.Qxh5 Nxc3 20.fxe5 dxe5 21.Qxf5+ Qf6
22.Rf1 Qxf5 23.Rxf5+ Kg7 24.Rxe5 Rd8 25.Re3 Nd5 26.O-O-O Ngf6 27.Re5 b5 28.Re6 Ra8
29.Rd4 Kf7 30.Rc6 Ke7 31.Kb2 Rg8 32.Rxa6 Rxg2 33.Rxh4 Kd7 34.Rd4 c6 35.Ra7+ Ke6
36.a6 Ne3 37.Rc7 Rxc2+ 38.Kb3 Nfd5 39.Re4+ Kd6 40.Rxe3 Rc4 41.a7 Rxb4+  0-1

[Event "Chinese Teams 2013"]
[Site "Tianjin CHN"]
[Date "2013.12.22"]
[Round "20.1"]
[White "Zeng,C"]
[Black "Ni Hua"]
[Result "1/2-1/2"]
[WhiteElo "2497"]
[BlackElo "2668"]

1.e4 c5 2.Nf3 e6 3.g3 Nc6 4.Bg2 Nf6 5.Qe2 e5 6.O-O Be7 7.c3 O-O 8.Rd1 d5
9.exd5 Qxd5 10.d3 Rd8 11.Ng5 Qd6 12.Na3 Bg4 13.f3 Bf5 14.Ne4 Qe6 15.Nc4 Nd5
16.Re1 Rac8 17.Nf2 Re8 18.Bd2 Bf8 19.f4 b5 20.Nxe5 Nxe5 21.Qxe5 Qxe5 22.Rxe5 Rxe5
23.fxe5 Nb6 24.b3 c4 25.bxc4 bxc4 26.d4 Rb8 27.a4 a5 28.Bc6 Bc2 29.Ng4 Rc8
30.Ne3 Bd3 31.Bb5 f6 32.exf6 gxf6 33.Ng2 Kf7 34.Nf4 Bc2 35.Be3 Be4 36.d5 Nxd5
37.Nxd5 Bxd5 38.Rd1 Be6 39.Kf2 Be7 40.Bb6 Ra8 41.Rd4 Rb8 42.Bxa5 Bc5 43.Ke3 Bxd4+
44.Kxd4 Ke7 45.Bb4+ Kd8 46.Bxc4 Bxc4 47.Kxc4 Kc7 48.Kd5 Re8 49.Bd6+ Kd7 50.a5 Re2
51.Bc5 Re5+ 52.Kc4 Kc6 53.Bd4 Rxa5 54.Bxf6 Ra2 55.h3 Rh2 56.h4 Rd2 57.Bd4 h5
58.Be3 Rd1 59.Bf4 Rd7 60.Be5 Rd2 61.Bf4 Rd1 62.Be5 Rd2 63.Bf4  1/2-1/2

[Event "Chinese Teams 2013"]
[Site "Tianjin CHN"]
[Date "2013.12.23"]
[Round "21.6"]
[White "Xu,Yinglun"]
[Black "Ni Hua"]
[Result "1/2-1/2"]
[WhiteElo "2331"]
[BlackElo "2668"]

1.d4 d5 2.c4 c6 3.Nf3 Nf6 4.e3 a6 5.Bd3 Bg4 6.Nbd2 e6 7.b3 Bf5 8.Bxf5 exf5
9.O-O Bd6 10.Bb2 O-O 11.Ne5 Nbd7 12.Ndf3 Ne4 13.a4 Re8 14.Qc2 f6 15.Nd3 Qe7
16.b4 dxc4 17.Qxc4+ Qf7 18.Qxf7+ Kxf7 19.Nc5 Bxc5 20.bxc5 b6 21.cxb6 Nxb6
22.Rfc1 Rec8 23.Bc3 c5 24.Ba5 Rab8 25.dxc5 Rxc5 26.Bxb6 Rxb6 27.Nd4 f4 28.a5 Rb4
29.Rxc5 Nxc5 30.g3 fxg3 31.fxg3 Nd3 32.Ra2 h5 33.Kg2 Ne5 34.Rc2 g5 35.Nf5 Nd3
36.Rc6 Rb2+ 37.Kg1 Ne5 38.Rxa6 Nf3+ 39.Kf1 Nxh2+ 40.Ke1 Nf3+ 41.Kd1 Rd2+
42.Kc1 Rd7 43.Ra8 Ke6 44.e4 Nd4 45.Nxd4+ Rxd4 46.a6 Rd7 47.a7 Re7 48.Kd2 h4
49.gxh4 gxh4 50.Ke3 Ke5 51.Rh8 Rxa7 52.Rxh4 Ke6  1/2-1/2

[Event "Chinese Teams 2013"]
[Site "Tianjin CHN"]
[Date "2013.12.24"]
[Round "22.2"]
[White "Ni Hua"]
[Black "Bu Xiangzhi"]
[Result "1/2-1/2"]
[WhiteElo "2668"]
[BlackElo "2683"]

1.e4 e5 2.Nf3 Nf6 3.Nxe5 d6 4.Nf3 Nxe4 5.Nc3 Nf6 6.d4 Be7 7.Bd3 O-O 8.h3 Re8
9.O-O Nbd7 10.Re1 Nf8 11.Ne2 Ng6 12.Nf4 Bf8 13.Nxg6 Rxe1+ 14.Qxe1 hxg6 15.Bg5 Bd7
16.Qe2 Qe7 17.Qxe7 Bxe7 18.Re1 Kf8 19.Nd2 Re8 20.c3 Nd5 21.Bxe7+ Rxe7 22.Rxe7 Nxe7
23.h4 Bf5 24.Be2 Be6 25.a3 Nf5 26.g3 c5 27.dxc5 dxc5 28.Kg2 Nd6 29.Kf3 Ke7
30.Kf4 b6 31.Bd3  1/2-1/2

[Event "4th HD Bank Cup 2014"]
[Site "Ho Chi Minh City VIE"]
[Date "2014.03.10"]
[Round "1.2"]
[White "Tran Quoc Dung"]
[Black "Ni Hua"]
[Result "1-0"]
[WhiteElo "2270"]
[BlackElo "2658"]

1.d4 Nf6 2.c4 e6 3.Nf3 d5 4.Nc3 Bb4 5.Qa4+ Nc6 6.a3 Bxc3+ 7.bxc3 Bd7 8.cxd5 exd5
9.Bg5 h6 10.Bh4 O-O 11.Qc2 g5 12.Bg3 Ne4 13.e3 Re8 14.Nd2 Bf5 15.Nxe4 Bxe4
16.Qb2 Na5 17.h4 f6 18.hxg5 hxg5 19.f3 Bf5 20.Kf2 c6 21.Re1 Qb6 22.Qa2 Kg7
23.e4 Bg6 24.e5 Qb3 25.exf6+ Kxf6 26.Be5+ Kf7 27.Qxb3 Nxb3 28.g3 Nd2 29.Be2 a5
30.Rh6 Nc4 31.Bxc4 dxc4 32.f4 gxf4 33.gxf4 Re6 34.Rg1 Rg8 35.Rg5 Ke7 36.Rh1 Rf8
37.Rhg1 Bf5 38.Rg7+ Rf7 39.Rxf7+ Kxf7 40.Rg5 Be4 41.f5 Rh6 42.Rg7+ Ke8 43.f6 Rh7
44.f7+ Kf8 45.Bd6+  1-0

[Event "4th HD Bank Cup 2014"]
[Site "Ho Chi Minh City VIE"]
[Date "2014.03.11"]
[Round "2.23"]
[White "Ni Hua"]
[Black "Doan Van Duc"]
[Result "1-0"]
[WhiteElo "2658"]
[BlackElo "2124"]

1.e4 c5 2.Nf3 d6 3.d4 cxd4 4.Nxd4 Nf6 5.Nc3 a6 6.Be3 e5 7.Nb3 Be7 8.h3 Be6
9.Qf3 O-O 10.O-O-O Nbd7 11.g4 b5 12.g5 Ne8 13.h4 Nb6 14.Kb1 Nc4 15.Nd5 Nc7
16.Rg1 f5 17.gxf6 Bxf6 18.Nxf6+ Qxf6 19.Qg3 Rf7 20.Bxc4 bxc4 21.Na5 c3 22.b3 Nb5
23.a4 Na3+ 24.Kc1 Qd8 25.Bc5 Nb5 26.b4 Qc7 27.Bxd6 Nxd6 28.Qxe5 Nc4 29.Rxg7+ Rxg7
30.Qxe6+ Kh8 31.Nxc4 Rb8 32.Nd6 Rf8 33.Qe5 Kg8 34.Qd5+ Kh8 35.Qd4 Kg8 36.Nf5 Qf4+
37.Kb1 Rc7 38.Rg1+ Kf7 39.Nd6+ Ke7 40.Rg7+ Kd8 41.Nb5+ Kc8 42.Rxc7+ Qxc7
43.Nxc7 Kxc7  1-0

[Event "4th HD Bank Cup 2014"]
[Site "Ho Chi Minh City VIE"]
[Date "2014.03.11"]
[Round "3.14"]
[White "Tu Hoang Thai"]
[Black "Ni Hua"]
[Result "0-1"]
[WhiteElo "2250"]
[BlackElo "2658"]

1.e4 c6 2.b3 d5 3.Bb2 dxe4 4.Qe2 Nf6 5.Nc3 Bg4 6.Qe3 Bf5 7.h3 Nbd7 8.g4 Bg6
9.Bg2 Nd5 10.Nxd5 cxd5 11.f3 e5 12.fxe4 Qh4+ 13.Qf2 Qxf2+ 14.Kxf2 dxe4 15.Re1 Bb4
16.Bc3 Bxc3 17.dxc3 Rc8 18.c4 b5 19.cxb5 Rxc2+ 20.Re2 Rc5 21.a4 h5 22.Bxe4 Bxe4
23.Rxe4 Nf6 24.Re3 hxg4 25.Ne2 Rh5 26.h4 Rf5+ 27.Kg3 Kd7 28.Rd1+ Kc7 29.b4 Rc4
30.Nc3 Rf3+ 31.Rxf3 gxf3 32.Nd5+ Nxd5 33.Rxd5 Rf4 34.Kf2 e4 35.Re5 Kd6 36.Re8 Kd7
37.Ra8 e3+ 38.Kxe3 f2 39.Rxa7+ Ke6 40.Kxf4 f1=Q+ 41.Ke4 Qe2+ 42.Kd4 Qf2+
43.Ke4  0-1

[Event "4th HD Bank Cup 2014"]
[Site "Ho Chi Minh City VIE"]
[Date "2014.03.12"]
[Round "4.8"]
[White "Ni Hua"]
[Black "Pham Le Thao Nguyen"]
[Result "1-0"]
[WhiteElo "2658"]
[BlackElo "2349"]

1.e4 e6 2.d4 d5 3.e5 c5 4.c3 Nc6 5.Nf3 Bd7 6.Be2 cxd4 7.cxd4 Nge7 8.Nc3 Nf5
9.O-O Be7 10.Bd3 g6 11.Bxf5 gxf5 12.Bf4 a6 13.Rc1 Rg8 14.Qd2 Na5 15.Nxd5 exd5
16.e6 Bc6 17.exf7+ Kxf7 18.Ne5+ Kf6 19.Rfe1 Be8 20.Nf3 Nc6 21.Ng5 Rxg5 22.Bxg5+ Kg7
23.Rxe7+ Nxe7 24.Re1 Bf7 25.Rxe7 Qb6 26.Qe3 Kg8 27.h4 Rc8 28.h5 Qc6 29.Qg3 Kf8
30.Qe5 Kg8 31.Qxf5 Rf8 32.Bf6 Qc1+ 33.Kh2  1-0

[Event "4th HD Bank Cup 2014"]
[Site "Ho Chi Minh City VIE"]
[Date "2014.03.12"]
[Round "5.3"]
[White "Dang,H"]
[Black "Ni Hua"]
[Result "0-1"]
[WhiteElo "2043"]
[BlackElo "2658"]

1.d4 Nf6 2.c4 e6 3.g3 c5 4.d5 exd5 5.cxd5 d6 6.Bg2 g6 7.Nf3 Bg7 8.Nc3 O-O
9.O-O Re8 10.Nd2 Nbd7 11.h3 a6 12.a4 Rb8 13.Nc4 Ne5 14.Na3 Nh5 15.Kh2 Bd7
16.Ne4 Bf5 17.Qb3 b5 18.axb5 axb5 19.Ng5 h6 20.e4 Bd7 21.Nf3 c4 22.Qc2 Nd3
23.Ne1 Nxc1 24.Qxc1 Qf6 25.Rb1 Rec8 26.Nac2 b4 27.Ne3 Qd4 28.f4 Qc5 29.Bf3 Nf6
30.e5 Nh7 31.e6 fxe6 32.N1g2 b3 33.Nh4 Nf8 34.Be4 c3 35.Nxg6 Nxg6 36.Bxg6 c2
37.Ra1 Qd4 38.Ng4 Qxb2 39.Qxb2 Bxb2 40.Ra7 c1=Q 41.Rxc1 Rxc1 42.Rxd7 Bg7
43.dxe6 Rc2+ 44.Bxc2 bxc2 45.Rc7 Rb2 46.Rc8+ Kh7 47.Nf2 Bd4 48.h4 Bc5 49.e7 c1=Q
50.Rh8+ Kg7 51.e8=Q Rxf2+ 52.Kh3 Qf1+ 53.Kg4 Qe2+ 54.Qxe2 Rxe2 55.Rb8 Re3
56.h5 d5 57.Rb5 Rc3 58.Kf5 d4 59.Rb7+ Kf8 60.Rd7 Rxg3 61.Rd5 Rc3 62.Ke6 Re3+
63.Kf5 Rc3 64.Ke6 Bb6 65.Rd6 Rb3 66.f5 d3 67.f6 Ba5 68.Rd7 Rb6+ 69.Kf5 Rb5+
70.Ke6 d2 71.Rf7+ Ke8 72.Re7+ Kd8 73.Rd7+ Kc8 74.Rd3 Rb6+ 75.Kf5 Bc3 76.Rxc3+ Kd7
77.Rd3+ Rd6  0-1

[Event "4th HD Bank Cup 2014"]
[Site "Ho Chi Minh City VIE"]
[Date "2014.03.13"]
[Round "6.3"]
[White "Ni Hua"]
[Black "Kuderinov,K"]
[Result "1-0"]
[WhiteElo "2658"]
[BlackElo "2454"]

1.d4 Nf6 2.c4 e6 3.g3 Bb4+ 4.Bd2 Bxd2+ 5.Nxd2 O-O 6.Ngf3 d6 7.Bg2 Nc6 8.O-O e5
9.e3 exd4 10.exd4 Bg4 11.Qb3 Rb8 12.d5 Bxf3 13.Nxf3 Ne7 14.Rfe1 Ng6 15.Bh3 c6
16.Nd4 cxd5 17.cxd5 Qa5 18.Qb5 Qxb5 19.Nxb5 a6 20.Nxd6 Rfd8 21.Nc4 Rxd5 22.Rad1 Rc5
23.Rc1 b5 24.Na5 Rxc1 25.Rxc1 Ne5 26.Rc8+ Rxc8 27.Bxc8 Nd5 28.Bxa6 Nc7 29.Bb7 Nd3
30.b3 b4 31.Nc6 Kf8 32.Bc8 g6 33.Bh3 Na6 34.Bf1 Nac5 35.Bxd3 Nxd3 36.Kf1 Ke8
37.Ke2 Nc1+ 38.Ke3 Nxa2 39.Kd4 Kd7 40.Ne5+ Ke6 41.Nd3 Kf5 42.f3 g5 43.g4+ Ke6
44.Kc4 Nc3 45.Nxb4 Nd1 46.Nc2 Ke5 47.b4 Nb2+ 48.Kb3 Nd3 49.Kc3 Nf4 50.Kc4 Nd5
51.Kc5 Nc3 52.Ne3 Na4+ 53.Kb5 Nc3+ 54.Kc4 Nb1 55.b5 Kd6 56.Kb4  1-0

[Event "4th HD Bank Cup 2014"]
[Site "Ho Chi Minh City VIE"]
[Date "2014.03.14"]
[Round "7.2"]
[White "Lu Shanglei"]
[Black "Ni Hua"]
[Result "1/2-1/2"]
[WhiteElo "2558"]
[BlackElo "2658"]

1.e4 e5 2.Nf3 Nc6 3.Bb5 Nf6 4.d3 Bc5 5.c3 O-O 6.O-O d6 7.h3 Bb6 8.Bg5 h6
9.Be3 Ne7 10.Nbd2 c6 11.Ba4 Bxe3 12.fxe3 Ng6 13.Bb3 Qe7 14.Qe1 Be6 15.Nh4 Nxh4
16.Qxh4 Rae8 17.Rf2 Nd7 18.Qh5 Nf6 19.Qh4 Nd7 20.Qh5 Nf6 21.Qh4  1/2-1/2

[Event "4th HD Bank Cup 2014"]
[Site "Ho Chi Minh City VIE"]
[Date "2014.03.14"]
[Round "8.1"]
[White "Ni Hua"]
[Black "Le Quang Liem"]
[Result "1/2-1/2"]
[WhiteElo "2658"]
[BlackElo "2709"]

1.e4 c5 2.Nf3 e6 3.c3 Nf6 4.e5 Nd5 5.d4 cxd4 6.cxd4 d6 7.Bc4 Nc6 8.O-O Be7
9.Qe2 O-O 10.Rd1 Qc7 11.Bxd5 exd5 12.Nc3 Be6 13.Nb5 Qd7 14.exd6 Bxd6 15.Nxd6 Qxd6
16.Ne5 Rfe8 17.Nxc6 Qxc6 18.Bf4 Bf5 19.Qd2 Qa6 20.Re1 h6 21.a3 Qb6 22.Rxe8+ Rxe8
23.Rc1 Qb5 24.Be3 Rc8 25.Rxc8+ Bxc8 26.f3 Be6 27.Kf2 Kh8 28.Qe2 Qxe2+ 29.Kxe2 Kg8
30.Bf4 Kf8  1/2-1/2

[Event "4th HD Bank Cup 2014"]
[Site "Ho Chi Minh City VIE"]
[Date "2014.03.15"]
[Round "9.1"]
[White "Nguyen Ngoc Truong Son"]
[Black "Ni Hua"]
[Result "1/2-1/2"]
[WhiteElo "2613"]
[BlackElo "2658"]

1.d4 Nf6 2.c4 e6 3.Nf3 d5 4.Nc3 Bb4 5.Bg5 h6 6.Bxf6 Qxf6 7.Qb3 c5 8.e3 cxd4
9.Nxd4 Bxc3+ 10.Qxc3 Nc6 11.cxd5 Nxd4 12.Qxd4 Qxd4 13.exd4 exd5 14.Bd3 Ke7
15.Kd2 Kd6 16.Rhe1 Bd7 17.Rac1 Rhe8 18.Rxe8 Rxe8 19.Re1 Rc8 20.Rc1 Re8 21.Re1 Rc8
22.Rc1 Re8 23.Re1  1/2-1/2

[Event "13th Asian Continental 2014"]
[Site "Sharjah UAE"]
[Date "2014.04.17"]
[Round "1.5"]
[White "Kunte,A"]
[Black "Ni Hua"]
[Result "1-0"]
[WhiteElo "2470"]
[BlackElo "2654"]

1.d4 Nf6 2.c4 e6 3.g3 d5 4.Nf3 dxc4 5.Bg2 Bb4+ 6.Bd2 a5 7.O-O O-O 8.Qc2 Bxd2
9.Nbxd2 b5 10.a4 c6 11.b3 cxb3 12.Nxb3 b4 13.e4 Nbd7 14.Rfd1 Qe7 15.Nfd2 c5
16.dxc5 Ba6 17.Nf3 Ng4 18.Rac1 Nde5 19.Nfd4 Nc4 20.Bf1 Nge5 21.Qa2 Na3 22.Bxa6 Rxa6
23.Qe2 Raa8 24.c6 Qc7 25.f4 Ng6 26.Nf3 Rfc8 27.Qe3 Nf8 28.Qc5 f6 29.Rd6 Qf7
30.e5 Qg6 31.Nbd4 Qd3 32.f5 Nb1 33.fxe6 Nc3 34.e7 Qe3+ 35.Kg2 Qxc1 36.exf6 gxf6
37.c7 Qb2+ 38.Kh3 Re8 39.Rd8 Ne6 40.Nxe6 Ne4 41.Qh5  1-0

[Event "13th Asian Continental 2014"]
[Site "Sharjah UAE"]
[Date "2014.04.18"]
[Round "2.19"]
[White "Ni Hua"]
[Black "Nezad,H"]
[Result "1-0"]
[WhiteElo "2654"]
[BlackElo "2366"]

1.c4 c6 2.d4 d5 3.cxd5 cxd5 4.Bf4 Nc6 5.e3 Nf6 6.Nc3 a6 7.Bd3 Bg4 8.Nge2 e6
9.O-O Bd6 10.f3 Bh5 11.Rc1 Bg6 12.Na4 Bxd3 13.Qxd3 Bxf4 14.Nxf4 O-O 15.Qa3 Qe7
16.Qxe7 Nxe7 17.Rc7 Nf5 18.Nb6 Rab8 19.Kf2 Rfd8 20.Rfc1 Ne8 21.R7c5 Ne7 22.Nd3 f6
23.a4 Kf7 24.R5c3 Rd6 25.Rb3 Nc6 26.Rc5 Ke7 27.Nb4 Kd8 28.N6xd5 Nxd4 29.exd4 exd5
30.Nc6+  1-0

[Event "13th Asian Continental 2014"]
[Site "Sharjah UAE"]
[Date "2014.04.19"]
[Round "3.12"]
[White "Pourramezanali,A"]
[Black "Ni Hua"]
[Result "1/2-1/2"]
[WhiteElo "2435"]
[BlackElo "2654"]

1.e4 c6 2.d4 d5 3.Nc3 dxe4 4.Nxe4 Bf5 5.Ng3 Bg6 6.h4 h6 7.Nf3 e6 8.Ne5 Bh7
9.Be3 Nd7 10.Nxd7 Qxd7 11.Bd3 Bxd3 12.Qxd3 Nf6 13.O-O-O Be7 14.Ne4 Qd5 15.Nxf6+ Bxf6
16.Qb3 Qxg2 17.Qxb7 O-O 18.Rhg1 Qd5 19.Bxh6 Qxa2 20.Bxg7 Bxg7 21.Qc7 Rfb8
22.Rxg7+ Kxg7 23.Rg1+ Kf6 24.Qe5+ Ke7 25.Qc7+ Kf6  1/2-1/2

[Event "13th Asian Continental 2014"]
[Site "Sharjah UAE"]
[Date "2014.04.20"]
[Round "4.17"]
[White "Ni Hua"]
[Black "Mamyrbay,Assad"]
[Result "1-0"]
[WhiteElo "2654"]
[BlackElo "2017"]

1.c4 e5 2.g3 Nf6 3.Bg2 d5 4.cxd5 Nxd5 5.Nc3 Nb6 6.Nf3 Nc6 7.O-O Be7 8.d3 O-O
9.a3 a5 10.Be3 Be6 11.Bxb6 cxb6 12.Nd2 Rb8 13.Nc4 f6 14.Rc1 Nd4 15.e3 Nc6
16.Qe2 Re8 17.Rfd1 Bf8 18.Qc2 Bc5 19.Na4 Ne7 20.d4 exd4 21.Nxa5 bxa5 22.Nxc5 Qb6
23.Nxe6 Qxe6 24.Rxd4 Rec8 25.Qd2 Rxc1+ 26.Qxc1 Rc8 27.Qd2 b6 28.Re4 Qf7 29.Qd7 Re8
30.Bf1 Kf8 31.Bc4 Qg6 32.Bb5  1-0

[Event "13th Asian Continental 2014"]
[Site "Sharjah UAE"]
[Date "2014.04.21"]
[Round "5.10"]
[White "Nguyen Duc Hoa"]
[Black "Ni Hua"]
[Result "0-1"]
[WhiteElo "2508"]
[BlackElo "2654"]

1.d4 d5 2.c4 c6 3.Nf3 Nf6 4.Qc2 dxc4 5.Qxc4 Bg4 6.Nbd2 Nbd7 7.g3 e6 8.Bg2 Be7
9.O-O O-O 10.Ne5 Bh5 11.Nxd7 Nxd7 12.Nb3 a5 13.a4 Bb4 14.e4 e5 15.Be3 Kh8
16.f4 exf4 17.Rxf4 f6 18.Raf1 Qb6 19.Qe6 Ne5 20.Qh3 Bg6 21.Kh1 Nf7 22.Nc1 Ng5
23.Qg4 Rfe8 24.Bg1 Bd2 25.Nd3 Bxf4 26.gxf4 Nxe4 27.f5 Bf7 28.Nf4 Qxb2 29.Ne6 Bxe6
30.fxe6 Ng5 31.d5 cxd5 32.Bd4 Qd2 33.Rxf6 Rxe6 34.Rf2 Re1+ 35.Bf1 Rxf1+ 36.Rxf1 Ne6
37.Be5 Qh6 38.Rf7 Re8 39.Rxb7 d4 40.Rb1 Qe3 41.Bg3 d3 42.Re1 Qc5 43.Qf3 Qc4
44.Bf4 Rf8 45.Ra1  0-1

[Event "13th Asian Continental 2014"]
[Site "Sharjah UAE"]
[Date "2014.04.22"]
[Round "6.4"]
[White "Ni Hua"]
[Black "Ghaem Maghami,E"]
[Result "1-0"]
[WhiteElo "2654"]
[BlackElo "2556"]

1.c4 c5 2.Nf3 Nc6 3.Nc3 g6 4.e3 Nf6 5.d4 cxd4 6.exd4 d5 7.cxd5 Nxd5 8.Bc4 Nb6
9.Bb3 Bg7 10.d5 Na5 11.O-O O-O 12.h3 Nxb3 13.axb3 Qd6 14.Ra5 Qd8 15.Bg5 h6
16.Bh4 f5 17.Re1 g5 18.Nxg5 hxg5 19.Bxg5 Rf7 20.d6 Qxd6 21.Nd5 Nxd5 22.Rxd5 Qg6
23.Rd8+ Kh7 24.Rxe7 Rxe7 25.Bxe7 Qf7 26.Bb4 Bxb2 27.Rf8 Qg6 28.Qd5 Be6 29.Qxb7+ Bg7
30.Rxa8  1-0

[Event "13th Asian Continental 2014"]
[Site "Sharjah UAE"]
[Date "2014.04.23"]
[Round "7.2"]
[White "Adhiban,Baskaran"]
[Black "Ni Hua"]
[Result "0-1"]
[WhiteElo "2609"]
[BlackElo "2654"]

1.Nf3 d5 2.c4 c6 3.e3 Nf6 4.Nc3 g6 5.d4 Bg7 6.Be2 O-O 7.O-O Be6 8.cxd5 cxd5
9.Qb3 Qb6 10.Na4 Qxb3 11.axb3 Nc6 12.Nc5 Bc8 13.Bb5 Ne4 14.Rd1 Nxc5 15.dxc5 e6
16.h3 Bd7 17.e4 a6 18.Ba4 Rac8 19.b4 Rfd8 20.Bxc6 Bxc6 21.e5 d4 22.Nxd4 Bxe5
23.Be3 Be8 24.Rd2 Rd5 25.Rad1 Rcd8 26.b3 Bf6 27.f3 e5 28.Nc2 Bc6 29.Na3 Rxd2
30.Rxd2 Rxd2 31.Bxd2 e4 32.fxe4 Bd4+ 33.Kf1 Bxe4 34.Nc4 Kg7 35.Be3 Bc3 36.Bd2 Bd4
37.Be3 Bc3 38.Bd2 Bxd2 39.Nxd2 Bd5 40.Kf2 Kf6 41.g3 g5 42.Nc4 Ke6 43.Ke3 h5
44.Nd2 Bg2 45.h4 f6 46.Nc4 Kf5 47.Kf2 Bc6 48.Ne3+ Ke4 49.Ng2 Ke5 50.Ne3 gxh4
51.Nc4+ Kd4 52.gxh4 Kc3 53.Ne3 Kxb4 54.Nf5 Kxb3 55.Ng7 a5 56.Nxh5 a4 57.Nf4 a3
58.Nd3 Kc3 59.Nc1 Be8 60.Ke3 Bg6 61.Ke2 Kc2 62.Na2 Bf7 63.Nb4+ Kc3  0-1

[Event "13th Asian Continental 2014"]
[Site "Sharjah UAE"]
[Date "2014.04.24"]
[Round "8.2"]
[White "Ni Hua"]
[Black "Kasimdzhanov,R"]
[Result "1/2-1/2"]
[WhiteElo "2654"]
[BlackElo "2693"]

1.Nf3 d5 2.d4 Nf6 3.c4 e6 4.g3 dxc4 5.Bg2 c5 6.O-O Nc6 7.dxc5 Qxd1 8.Rxd1 Bxc5
9.Nbd2 c3 10.bxc3 O-O 11.Nb3  1/2-1/2

[Event "13th Asian Continental 2014"]
[Site "Sharjah UAE"]
[Date "2014.04.25"]
[Round "9.3"]
[White "Salem,AR"]
[Black "Ni Hua"]
[Result "1/2-1/2"]
[WhiteElo "2561"]
[BlackElo "2654"]

1.d4 Nf6 2.c4 e6 3.Nf3 d5 4.Nc3 Bb4 5.Bg5 h6 6.Bxf6 Qxf6 7.e3 O-O 8.Rc1 c6
9.Bd3 Nd7 10.O-O Bxc3 11.Rxc3 dxc4 12.Rxc4 e5 13.Bc2 exd4 14.Qd3 g6 15.Rxd4 Nb6
16.Rd6 Qe7 17.Bb3 Kh7 18.Rd4 Bf5 19.e4 Bg4 20.Rd1 Rae8 21.h3 Bxf3 22.Qxf3 c5
23.Rd6 Kg7 24.Qc3+ Qe5 25.f3 Qxc3 26.bxc3 c4 27.Bc2 Re5 28.a4 Ra5 29.Rb1 Nxa4
30.Bxa4 Rxa4 31.Rxb7 Ra3 32.Rc6 Rxc3 33.Rxa7 Rc2 34.Rac7 Rd8 35.Rxc4 Rxc4
36.Rxc4 Rd2 37.g4 g5 38.Rc5 Kg6 39.h4 Rb2 40.Rd5 Ra2 41.h5+ Kg7 42.Kf1 Rb2
43.Ke1 Ra2 44.Rd2 Ra1+ 45.Ke2 Ra3 46.Rd3 Ra2+ 47.Ke3 Ra4 48.e5 Ra1 49.Ke4 Re1+
50.Kd5 Re2 51.Kd6 Re1 52.Kd5 Re2 53.Rd4 Rf2 54.Ke4 Re2+ 55.Kf5 Re3 56.f4 Rf3
57.Rc4  1/2-1/2

[Event "22nd Montcada Open 2014"]
[Site "Montcada i Reixac ESP"]
[Date "2014.06.26"]
[Round "2.10"]
[White "Ni Hua"]
[Black "Raghavi,N"]
[Result "1-0"]
[WhiteElo "2653"]
[BlackElo "2227"]

1.e4 c5 2.Nf3 Nc6 3.Bb5 e6 4.Bxc6 bxc6 5.d3 Ne7 6.Qe2 f6 7.Nh4 d6 8.f4 g6
9.b3 Bg7 10.Bb2 O-O 11.O-O Rb8 12.Nd2 e5 13.f5 gxf5 14.exf5 d5 15.c4 Rf7
16.Qh5 Bd7 17.Rf3 Bf8 18.Rg3+ Rg7 19.Qf3 Qa5 20.Nf1 Rxg3 21.Qxg3+ Kf7 22.Qf3 Bg7
23.Qe2 Kg8 24.g4 Be8 25.Ng3 Bf7 26.Nf3 e4 27.dxe4 dxc4 28.e5 c3 29.e6 Be8
30.Bc1 Rxb3 31.Ne4 c2 32.axb3 Qxa1 33.Qxc2 Nd5 34.Kg2 h6 35.Nd6 Kf8 36.Qxc5  1-0

[Event "22nd Montcada Open 2014"]
[Site "Montcada i Reixac ESP"]
[Date "2014.06.27"]
[Round "3.4"]
[White "Ni Hua"]
[Black "Cruz,F"]
[Result "1-0"]
[WhiteElo "2653"]
[BlackElo "2412"]

1.c4 e5 2.g3 Nc6 3.Nc3 Nf6 4.Nf3 Bc5 5.Bg2 d6 6.d3 a6 7.O-O Ba7 8.Rb1 O-O
9.b4 h6 10.a4 Nd4 11.Nd2 Rb8 12.h3 Be6 13.e3 Nf5 14.Kh2 Ne7 15.e4 Ng6 16.Nb3 h5
17.Nd5 Nxd5 18.cxd5 Bd7 19.Qxh5 Bxa4 20.h4 Bb5 21.Bg5 Qe8 22.Qe2 f6 23.Be3 Bxe3
24.fxe3 Rf7 25.Nd2 Nf8 26.Rbc1 Qe7 27.Nc4 g6 28.Na5 Qe8 29.Rc3 c6 30.dxc6 bxc6
31.Qc2 Rb6 32.Rc1 Rc7 33.d4 g5 34.Qf2 Rg7 35.Qxf6 gxh4 36.gxh4 Qh5 37.Bf3 Qh7
38.Rg1 Rxg1 39.Kxg1 Qg6+ 40.Qxg6+ Nxg6 41.h5 Nf8 42.d5 cxd5 43.exd5 Kg7 44.Rc7+ Kh6
45.Kf2 e4 46.Bxe4 Kxh5 47.Nc6 Bxc6 48.dxc6 Rxb4 49.Re7 Rc4 50.c7  1-0

[Event "22nd Montcada Open 2014"]
[Site "Montcada i Reixac ESP"]
[Date "2014.06.28"]
[Round "4.2"]
[White "Munoz Pantoja,M"]
[Black "Ni Hua"]
[Result "0-1"]
[WhiteElo "2457"]
[BlackElo "2653"]

1.e4 c5 2.Nf3 e6 3.c4 Nc6 4.d4 cxd4 5.Nxd4 Nf6 6.Nc3 Bb4 7.Nxc6 bxc6 8.Bd3 e5
9.O-O Bc5 10.Rb1 Rb8 11.a3 a5 12.Qf3 d6 13.Be3 Bd4 14.Qg3 O-O 15.Bxd4 exd4
16.Ne2 c5 17.e5 Nh5 18.Qf3 g6 19.Nf4 Bb7 20.Qg4 Nxf4 21.Qxf4 dxe5 22.Qxe5 Qb6
23.b4 axb4 24.axb4 cxb4 25.c5 Qc6 26.f3 Qd5 27.Qf4 Qxc5 28.Rfc1 Qb6 29.Rc4 b3
30.Qxd4 Bd5 31.Qxb6 Rxb6 32.Rc5 Rd8 33.Bf1 Be6 34.Kf2 b2 35.Rb5 Rxb5 36.Bxb5 Rd2+
37.Ke3 Rxg2 38.Be2  0-1